00683nam a2200169 a 4500003000200000005001700002008004100019050002900060100001800089245008600107260009000193300004000283504004100323650005300364650005400417650004200471020250626074208.0021128s19uu xx 00 eng d aPHS LC 1099.3b.L44 1998 aLee, Yoo Jin. aEducational experiences of S.I.S. Korean HS students sy 1997-1998 /cYoo Jin Lee. aLas Piñas City, Philippines :bSouthville International School and Colleges,c1998. a33 pages :billustrations ;c29 cm. aIncludes bibliographical references. aKorean studentszPhilippinesxSocial conditions. aForeign studentszPhilippinesxSocial conditions. aIntercultural educationzPhilippines.